ՀՀ Գիտությունների ազգային ակադեմիայի հիմնարար գիտական գրադարան  =   Fundamental Scientific Library of NAS RA

Մաշտոց-Մեսրովպը հայոց տառերի եւ տպագրութեան գիւտը եւ սկզբնաւորութիւնը մեր ազգի մէջ / (Record no. 116221)

MARC details
000 -LEADER
fixed length control field 00902nam a2200205 a 4500
003 - CONTROL NUMBER IDENTIFIER
control field AM-YeHGA
005 - DATE AND TIME OF LATEST TRANSACTION
control field 20250618072010.0
008 - FIXED-LENGTH DATA ELEMENTS--GENERAL INFORMATION
fixed length control field 040301s1912 gs a||p|r|||||||||0|arm|d
040 ## - CATALOGING SOURCE
Original cataloging agency AM-YeHGA
041 0# - LANGUAGE CODE
Language code of text/sound track or separate title arm
090 ## - LOCALLY ASSIGNED LC-TYPE CALL NUMBER (OCLC); LOCAL CALL NUMBER (RLIN)
-- 117567
100 1# - MAIN ENTRY--PERSONAL NAME
Personal name Մանդակունի, Գրիգոր
9 (RLIN) 5640
245 10 - TITLE STATEMENT
Title Մաշտոց-Մեսրովպը հայոց տառերի եւ տպագրութեան գիւտը եւ սկզբնաւորութիւնը մեր ազգի մէջ /
Statement of responsibility, etc. Աշխատասիր.՝ Գրիգոր աւագ քահ. Մանդակունւոյ.
260 ## - PUBLICATION, DISTRIBUTION, ETC.
Place of publication, distribution, etc. Թիֆլիս :
Name of publisher, distributor, etc. տպ. Նադեժդա,
Date of publication, distribution, etc. 1912.
300 ## - PHYSICAL DESCRIPTION
Extent 32 էջ
Other physical details դիմանկ. ;
Dimensions 20 սմ.
600 04 - SUBJECT ADDED ENTRY--PERSONAL NAME
Personal name Մեսրոպ Մաշտոց,
Dates associated with a name 362-440
9 (RLIN) 4901
650 14 - SUBJECT ADDED ENTRY--TOPICAL TERM
Topical term or geographic name entry element Հայ գրերի ծագումը
9 (RLIN) 5670
856 41 - ELECTRONIC LOCATION AND ACCESS
Uniform Resource Identifier <a href="http://greenstone.flib.sci.am/gsdl/collect/hajgirqn/book/mashtoc_1912.pdf">http://greenstone.flib.sci.am/gsdl/collect/hajgirqn/book/mashtoc_1912.pdf</a>
Link text Կարդալ առցանց
942 ## - ADDED ENTRY ELEMENTS (KOHA)
Source of classification or shelving scheme Universal Decimal Classification
Koha item type Գրքեր / Books
Holdings
Withdrawn status Lost status Source of classification or shelving scheme Damaged status Not for loan Collection Home library Current library Date acquired Total checkouts Full call number Barcode Date last seen Price effective from Koha item type Public note
    Universal Decimal Classification     General Fundamental Scientific Library Fundamental Scientific Library 22/12/2016   AII/63410 220063410 22/12/2016 22/12/2016 Գրքեր / Books 30 Days Loan


ՀՀ ԳԱԱ հիմնարար գիտական գրադարան
ՀՀ,Երևան 0019
Մարշալ Բաղրամյան 24/6
հեռախոս:(374-10) 52-47-50
Հետադարձ կապ

All site content, except where otherwise noted, is licensed under a
Creative Commons License